Statistics for Countries by Highest Bridge

Click here to take the quiz!

General Stats

  • This quiz has been taken 32 times
  • The average score is 7 of 10

Answer Stats

BridgeHeight (metres)Country% Correct
Duge Bridge565China
100%
Royal Gorge Bridge291United States
97%
Millau Viaduct277France
87%
Shintabisoko Bridge210Japan
87%
Baluarte Bridge390Mexico
74%
Italia Viaduct259Italy
71%
Karun 3 Dam Bridge235Iran
52%
Bloukrans Bridge216South Africa
39%
Vila Real Bridge220Portugal
32%
Hegigio Gorge Pipeline Bridge393Papua New Guinea
16%

Score Distribution

Percentile by Number Answered

Percent of People with Each Score

Your Score History

You have not taken this quiz